[Event "Junior Online 4NCL Division 5"]
[Site "online"]
[Date "2020.06.04"]
[Round "8.175"]
[White "Holland, Nicolas"]
[Black "He, Tom Junde"]
[Result "0-1"]
[WhiteElo "1225"]
[BlackElo "1397"]
[PlyCount "72"]
[EventDate "2020.06.04"]
[WhiteTeam "Watford 4"]
[BlackTeam "St Mary's Harborne"]

1. e4 e5 2. Nf3 Nc6 3. Bc4 h6 4. d3 Nf6 5. Nc3 Bc5 6. O-O d6 7. Qe1 O-O 8. Be3
Nd4 9. Bxd4 Bxd4 10. Nxd4 exd4 11. Nd5 Re8 12. Nxf6+ Qxf6 13. Qd2 Qg6 14. Bd5
Bh3 15. e5 Rxe5 16. Bf3 Rg5 17. Rfe1 Rxg2+ 18. Kh1 Rg5 19. Qf4 Rf5 20. Qg3 Qxg3
21. hxg3 Rxf3 22. Kg1 Kf8 23. Re4 Re8 24. Rh4 Bf5 25. Kg2 g5 26. Rh2 g4 27.
Rxh6 Re2 28. Rf1 Rxc2 29. Rh8+ Kg7 30. Re8 Bxd3 31. Re2 Rxe2 32. b3 Be4 33. a4
Rfxf2+ 34. Kg1 Rg2+ 35. Kh1 Rh2+ 36. Kg1 Reg2# 0-1

[Event "Junior Online 4NCL Division 5"]
[Site "online"]
[Date "2020.06.04"]
[Round "8.176"]
[White "Howett, Ralphie"]
[Black "Demyan, Leo"]
[Result "1-0"]
[WhiteElo "1217"]
[BlackElo "1157"]
[PlyCount "49"]
[EventDate "2020.06.04"]
[WhiteTeam "St Mary's Harborne"]
[BlackTeam "Watford 4"]

1. e4 e5 2. Nf3 Nc6 3. Nc3 Bc5 4. Bc4 Nf6 5. d3 Ng4 6. d4 Nxd4 7. O-O Nxf3+ 8.
Qxf3 Nf6 9. Be3 Bxe3 10. Qxe3 d6 11. Qf3 Bg4 12. Qg3 h5 13. Qh4 g6 14. h3 Bd7
15. Qg5 Qe7 16. Nb5 Bxb5 17. Bxb5+ c6 18. Bc4 O-O-O 19. f4 d5 20. exd5 cxd5 21.
Bb5 Kb8 22. fxe5 Nh7 23. Qxe7 Nf8 24. Rxf7 Nh7 25. Qxb7# 1-0

[Event "Junior Online 4NCL Division 5"]
[Site "online"]
[Date "2020.06.04"]
[Round "8.177"]
[White "Khandelwal, Akshaj"]
[Black "Madoc, Arthur"]
[Result "1-0"]
[WhiteElo "1150"]
[BlackElo "1262"]
[PlyCount "91"]
[EventDate "2020.06.04"]
[WhiteTeam "Watford 4"]
[BlackTeam "St Mary's Harborne"]

1. d4 d5 2. c4 dxc4 3. e3 Nf6 4. Bxc4 Nc6 5. Nf3 Bf5 6. O-O e5 7. dxe5 Ne4 8.
Qxd8+ Rxd8 9. Nc3 Nxc3 10. bxc3 Bc5 11. Ng5 Nxe5 12. Bb5+ c6 13. Ba4 b5 14. Bb3
O-O 15. Bb2 h6 16. Nf3 Nxf3+ 17. gxf3 Bh3 18. Rfd1 Rxd1+ 19. Rxd1 Bb6 20. Bc2
Rd8 21. Rxd8+ Bxd8 22. Bb3 Kh7 23. c4 bxc4 24. Bxc4 Kg6 25. Bf1 Bxf1 26. Kxf1
a5 27. Ke2 h5 28. Kd3 Kf5 29. Bxg7 Bc7 30. h4 Bh2 31. Bc3 Bg1 32. Ke2 Ke6 33.
Bxa5 Kd5 34. e4+ Ke5 35. Bb6 Kf4 36. a4 Ke5 37. a5 Kd6 38. a6 Kd7 39. a7 Kc8
40. a8=Q+ Kd7 41. Qd8+ Ke6 42. Ke3 Bh2 43. Qe8+ Kf6 44. Bd4+ Kg6 45. Qg8+ Kh6
46. Qg7# 1-0

[Event "Junior Online 4NCL Division 5"]
[Site "online"]
[Date "2020.06.04"]
[Round "8.178"]
[White "Mykhnenko, Marijka"]
[Black "Shah, Prem"]
[Result "0-1"]
[WhiteElo "1015"]
[BlackElo "1022"]
[PlyCount "60"]
[EventDate "2020.06.04"]
[WhiteTeam "St Mary's Harborne"]
[BlackTeam "Watford 4"]

1. e4 c6 2. d4 d5 3. e5 f6 4. exf6 Nxf6 5. Nf3 Bf5 6. Ne5 e6 7. Bg5 c5 8. c3
cxd4 9. cxd4 Bb4+ 10. Nc3 O-O 11. Be2 h6 12. Bxf6 Qxf6 13. O-O Qg5 14. Bf3 Nc6
15. Nd7 Rfd8 16. Nc5 b6 17. Nb3 Bd6 18. Re1 Qh4 19. h3 Nb4 20. Re2 Rf8 21. a3
Nc6 22. Re1 Be4 23. Nxe4 dxe4 24. Rxe4 Qg5 25. Rg4 Qf5 26. Qe2 h5 27. Bxc6 hxg4
28. hxg4 Qh7 29. Bxa8 Qh2+ 30. Kf1 Qh1# 0-1

[Event "Junior Online 4NCL Division 5"]
[Site "online"]
[Date "2020.06.04"]
[Round "8.181"]
[White "Bleeg, Elliott"]
[Black "Kulkarni, Arnav"]
[Result "0-1"]
[WhiteElo "1307"]
[BlackElo "1070"]
[PlyCount "184"]
[EventDate "2020.06.04"]
[WhiteTeam "Bristol Bishops"]
[BlackTeam "St John's College C"]

1. e4 e5 2. Nf3 Nc6 3. Nc3 Nf6 4. g3 d5 5. exd5 Nxd5 6. Nxd5 Qxd5 7. c3 Bg4 8.
Bg2 e4 9. Qe2 O-O-O 10. c4 exf3 11. cxd5 fxe2 12. dxc6 bxc6 13. f3 Bh5 14. Kxe2
Bc5 15. g4 Rhe8+ 16. Kd1 Bg6 17. h4 f5 18. h5 Bf7 19. gxf5 Re5 20. Bh3 Kb7 21.
Bg4 Bc4 22. Re1 Red5 23. Re4 Bd3 24. Rf4 Bd6 25. Ra4 Re8 26. b3 Bg3 27. Rb4+
Ka8 28. Re4 Bxe4 29. fxe4 Rxe4 30. Be2 Rde5 31. Bd3 Rd4 32. Bb2 Re1+ 33. Kc2
Rxa1 34. Bxd4 Rh1 35. Bxg7 Rxh5 36. Be4 Kb7 37. f6 Bd6 38. f7 Rh4 39. Be5 Bf8
40. Bd3 h5 41. Kd1 Rg4 42. Ke1 Rg5 43. Bd4 Rd5 44. Be2 Rxd4 45. Bxh5 Rh4 46.
Bg6 Rg4 47. Bh5 Rg5 48. Bf3 Rf5 49. Bg4 Rxf7 50. Bh5 Rh7 51. Bg4 Rh4 52. Bf3
Rh3 53. Bg4 Rg3 54. Bh5 Bb4 55. Be2 Rg1+ 56. Bf1 Bxd2+ 57. Kxd2 Rxf1 58. Ke2
Ra1 59. a4 Ra2+ 60. Kd3 Rb2 61. Kc3 Rh2 62. Kb4 Kb6 63. a5+ Ka6 64. Ka4 Rh4+
65. b4 c5 66. Ka3 cxb4+ 67. Ka2 Rh5 68. Kb3 Rxa5 69. Kxb4 Rh5 70. Kc4 Kb6 71.
Kb4 Rh4+ 72. Kc3 Kc5 73. Kd3 Ra4 74. Ke3 Kd5 75. Kf3 Ke5 76. Kg3 Kf5 77. Kh3
Kg5 78. Kg3 Ra3+ 79. Kf2 Kf4 80. Ke2 Ke4 81. Kd2 Rh3 82. Kc2 Kd4 83. Kb2 Kc4
84. Ka2 Kb4 85. Kb2 Rh2+ 86. Kc1 Kc3 87. Kd1 Ra2 88. Ke1 Kd3 89. Kf1 Ke3 90.
Kg1 Kf3 91. Kh1 Kg3 92. Kg1 Ra1# 0-1

[Event "Junior Online 4NCL Division 5"]
[Site "online"]
[Date "2020.06.04"]
[Round "8.182"]
[White "Baranidharan, Kritthik"]
[Black "Clegg, Anya"]
[Result "1-0"]
[WhiteElo "1040"]
[BlackElo "1142"]
[PlyCount "59"]
[EventDate "2020.06.04"]
[WhiteTeam "St John's College C"]
[BlackTeam "Bristol Bishops"]

1. Nf3 d5 2. g3 Nc6 3. Bg2 e6 4. O-O Bd6 5. d3 e5 6. Nbd2 Be6 7. Re1 Qd7 8. e4
d4 9. Nc4 Bxc4 10. dxc4 O-O-O 11. b3 h6 12. Bb2 g5 13. Nd2 h5 14. h4 gxh4 15.
Kh2 hxg3+ 16. Kxg3 h4+ 17. Kh2 Nf6 18. Bh3 Qxh3+ 19. Kxh3 Rdg8 20. Rg1 Rf8 21.
Qf3 Kb8 22. Qxf6 Be7 23. Qf3 Nd8 24. Qe2 f5 25. Rg7 Bd6 26. exf5 Rxf5 27. Qg4
Rhf8 28. Rg1 a6 29. Rg5 Rxf2 30. Rg2 1-0

[Event "Junior Online 4NCL Division 5"]
[Site "online"]
[Date "2020.06.04"]
[Round "8.183"]
[White "Manouvel, Maelys"]
[Black "Omidvar, Dominic"]
[Result "1-0"]
[WhiteElo "1037"]
[BlackElo "974"]
[PlyCount "101"]
[EventDate "2020.06.04"]
[WhiteTeam "Bristol Bishops"]
[BlackTeam "St John's College C"]

1. e4 e5 2. Nf3 Nc6 3. Bb5 Nf6 4. O-O d5 5. exd5 Qxd5 6. Nc3 Qd6 7. d3 Bg4 8.
Bg5 e4 9. dxe4 Qxd1 10. Raxd1 Bxf3 11. gxf3 Be7 12. Nd5 Nxd5 13. Rxd5 O-O 14.
Bxc6 bxc6 15. Bxe7 cxd5 16. Bxf8 Rxf8 17. exd5 Rd8 18. c4 Kf8 19. Re1 f6 20. b4
g5 21. Re6 Kf7 22. Kf1 h5 23. Ke2 g4 24. fxg4 hxg4 25. Ke3 Kg6 26. Kf4 Kf7 27.
Kxg4 Re8 28. Rxe8 Kxe8 29. h4 Kf7 30. Kf5 Kg7 31. Ke6 a6 32. Kd7 Kg6 33. Kxc7
Kh5 34. d6 f5 35. d7 Kxh4 36. d8=Q+ Kg4 37. Qa8 f4 38. Qxa6 Kh3 39. Qh6+ Kg2
40. Qxf4 Kf1 41. Kd6 Ke2 42. Qe3+ Kf1 43. Ke5 Kg2 44. Kf4 Kg1 45. Kg3 Kf1 46.
Qc1+ Ke2 47. Qe3+ Kf1 48. Kf3 Kg1 49. Qe1+ Kh2 50. Qd1 Kh3 51. Qh1# 1-0

[Event "Junior Online 4NCL Division 5"]
[Site "online"]
[Date "2020.06.04"]
[Round "8.184"]
[White "Singh, Ayush"]
[Black "Saha, Soumil"]
[Result "1/2-1/2"]
[WhiteElo "901"]
[BlackElo "1075"]
[PlyCount "129"]
[EventDate "2020.06.04"]
[WhiteTeam "St John's College C"]
[BlackTeam "Bristol Bishops"]

1. e4 e5 2. Nf3 f5 3. exf5 Nc6 4. Nc3 Nf6 5. d4 e4 6. d5 exf3 7. dxc6 fxg2 8.
Bxg2 bxc6 9. O-O Bd6 10. Re1+ Kf7 11. Bf3 Rf8 12. Bh5+ Nxh5 13. Qxh5+ Kg8 14.
Bg5 Be7 15. Bxe7 Qe8 16. Qxe8 Rxe8 17. f6 gxf6 18. Bxf6 Rxe1+ 19. Rxe1 d5 20.
Bd4 Bf5 21. Re2 a6 22. Na4 Rf8 23. Re3 c5 24. Rg3+ Bg6 25. Bxc5 Rf6 26. Be7 Re6
27. Bb4 Kh8 28. Re3 Rc6 29. Bc3+ Kg8 30. Bd4 Bxc2 31. Re8+ Kf7 32. Rh8 Bxa4 33.
Rxh7+ Kg8 34. Rg7+ Kf8 35. Rh7 Bc2 36. Rh8+ Kf7 37. Rh7+ Bxh7 38. f4 Be4 39. h4
Rc1+ 40. Kf2 c5 41. Be5 c4 42. h5 Rc2+ 43. Kg3 Rg2+ 44. Kh4 Rh2+ 45. Kg5 Bf3
46. h6 Kg8 47. Kg6 Be4+ 48. Kg5 Kh7 49. f5 Bxf5 50. Kxf5 Rxh6 51. b3 d4 52.
Bxd4 Rh5+ 53. Ke4 Rh4+ 54. Kd5 cxb3 55. axb3 a5 56. Kc4 Kg6 57. Kc5 Kf5 58. Bf2
Rf4 59. Be3 Re4 60. Bd4 Kf4 61. Kd5 Kf5 62. Kc4 Kf4 63. Kd5 Kf3 64. Kc4 Kf4 65.
Kd5 1/2-1/2

[Event "Junior Online 4NCL Division 5"]
[Site "online"]
[Date "2020.06.04"]
[Round "8.185"]
[White "Kulkarni, Arnav"]
[Black "Bleeg, Elliott"]
[Result "0-1"]
[WhiteElo "1070"]
[BlackElo "1307"]
[PlyCount "98"]
[EventDate "2020.06.04"]
[WhiteTeam "St John's College C"]
[BlackTeam "Bristol Bishops"]

1. e4 e5 2. Nf3 Nc6 3. Nc3 Nf6 4. d4 exd4 5. Nxd4 Nxd4 6. Qxd4 c6 7. Bg5 Be7 8.
O-O-O O-O 9. Bd3 h6 10. Bxf6 Bxf6 11. e5 Bg5+ 12. Kb1 Re8 13. f4 Be7 14. Qe4 g6
15. f5 Kg7 16. f6+ Bxf6 17. Qf3 Bxe5 18. Rhe1 Bxc3 19. bxc3 Qb6+ 20. Ka1 Rxe1
21. Rxe1 d5 22. Re7 Qg1+ 23. Kb2 Qb6+ 24. Ka1 Qg1+ 25. Kb2 Qb6+ 26. Ka1 Be6 27.
Qf4 Qg1+ 28. Kb2 Qxg2 29. Qe5+ Kh7 30. Rxb7 Qg5 31. Qc7 Qd8 32. Qxc6 Rb8 33.
Ba6 Rxb7+ 34. Qxb7 Qb6+ 35. Qxb6 axb6 36. Kb3 f5 37. Bd3 f4 38. Kb4 Bh3 39. Be2
g5 40. Bf3 g4 41. Bd1 f3 42. Bxf3 gxf3 43. Kb5 f2 44. Kxb6 f1=Q 45. a4 Qf2+ 46.
Kb7 Qxc2 47. a5 Qa4 48. a6 Bc8+ 49. Kb6 Qxa6+ 0-1

[Event "Junior Online 4NCL Division 5"]
[Site "online"]
[Date "2020.06.04"]
[Round "8.186"]
[White "Clegg, Anya"]
[Black "Baranidharan, Kritthik"]
[Result "0-1"]
[WhiteElo "1142"]
[BlackElo "1040"]
[PlyCount "118"]
[EventDate "2020.06.04"]
[WhiteTeam "Bristol Bishops"]
[BlackTeam "St John's College C"]

1. d4 d5 2. Nf3 e6 3. e3 Nf6 4. Bd3 Bd6 5. O-O O-O 6. Nbd2 Nbd7 7. c3 e5 8. e4
exd4 9. cxd4 dxe4 10. Nxe4 Nxe4 11. Bxe4 Re8 12. Re1 Nf6 13. Bd3 Rxe1+ 14. Qxe1
Bg4 15. Ng5 Qe8 16. Bd2 Qxe1+ 17. Rxe1 Rd8 18. Ne4 Nxe4 19. Rxe4 Bf5 20. Re3
Bf4 21. Rf3 Bxd2 22. Bxf5 Rxd4 23. Bc8 Bc3 24. g3 Bxb2 25. Re3 g6 26. Bxb7 Ra4
27. Re7 Rxa2 28. Rxc7 Ra1+ 29. Kg2 Be5 30. Re7 Bf6 31. Rd7 a5 32. Bd5 Bb2 33.
Rxf7 Kh8 34. Rb7 Bd4 35. Rb5 a4 36. Ra5 a3 37. Ra4 Kg7 38. Kf3 Bc5 39. Ke4 Kf6
40. Kf4 Ke7 41. Ke5 Bd6+ 42. Ke4 Re1+ 43. Kf3 Ra1 44. Ke4 Ra2 45. Bxa2 Kf6 46.
Kd5 Be5 47. Rxa3 Kf5 48. Rf3+ Kg4 49. Re3 Bb8 50. Ke4 Kh3 51. Be6+ Kxh2 52. Bg4
Kg2 53. Bf3+ Kxf2 54. Re2+ Kxg3 55. Rg2+ Kh3 56. Ke3 h5 57. Kf2 h4 58. Rxg6
Bg3+ 59. Kf1 Kh2 0-1

[Event "Junior Online 4NCL Division 5"]
[Site "online"]
[Date "2020.06.04"]
[Round "8.187"]
[White "Omidvar, Dominic"]
[Black "Manouvel, Maelys"]
[Result "0-1"]
[WhiteElo "974"]
[BlackElo "1037"]
[PlyCount "102"]
[EventDate "2020.06.04"]
[WhiteTeam "St John's College C"]
[BlackTeam "Bristol Bishops"]

1. e4 c6 2. Nf3 d5 3. exd5 cxd5 4. d4 Nc6 5. Nc3 Nf6 6. Bb5 Bg4 7. Bxc6+ bxc6
8. Bg5 e6 9. Bxf6 Qxf6 10. Qe2 Bd6 11. O-O-O O-O 12. h3 Bh5 13. g4 Bg6 14. Rde1
c5 15. dxc5 Bxc5 16. Ne5 Qxf2 17. Nxg6 Qxe2 18. Rxe2 hxg6 19. h4 Rab8 20. h5
gxh5 21. gxh5 Rb7 22. h6 g6 23. Reh2 Kh7 24. a3 Rfb8 25. Na4 Bd4 26. c3 Be5 27.
Re2 Bf4+ 28. Kb1 e5 29. Rf2 Rd7 30. b4 d4 31. cxd4 Rxd4 32. Rb2 Rbd8 33. Ka2
Rd1 34. Nc3 Rxh1 35. Ne2 Rd2 36. Nxf4 Rxb2+ 37. Kxb2 exf4 38. Kb3 f3 39. Ka4 f2
40. b5 f1=Q 41. Ka5 Qe1+ 42. Ka6 Qe7 43. a4 Rxh6 44. a5 g5+ 45. b6 axb6 46. Kb5
bxa5 47. Kxa5 Qe5+ 48. Kb4 Rh4+ 49. Kb3 Qe3+ 50. Kc2 Rh2+ 51. Kd1 Qg1# 0-1

[Event "Junior Online 4NCL Division 5"]
[Site "online"]
[Date "2020.06.04"]
[Round "8.188"]
[White "Saha, Soumil"]
[Black "Singh, Ayush"]
[Result "1/2-1/2"]
[WhiteElo "1075"]
[BlackElo "901"]
[PlyCount "90"]
[EventDate "2020.06.04"]
[WhiteTeam "Bristol Bishops"]
[BlackTeam "St John's College C"]

1. d4 d5 2. Nf3 Nc6 3. c4 dxc4 4. e4 Nf6 5. Nc3 Bg4 6. Be2 Bxf3 7. Bxf3 Nxd4 8.
Be2 e5 9. Bxc4 Bb4 10. Qa4+ Kf8 11. Qxb4+ Ke8 12. Bb5+ Nd7 13. Bxd7+ Qxd7 14.
Qxb7 Qd8 15. O-O Rb8 16. Qxa7 Ra8 17. Qc5 Nc2 18. Rb1 Nd4 19. Be3 Ne6 20. Qxe5
c6 21. Qg3 Qd3 22. Rbd1 Qc2 23. Bb6 Qxb2 24. f4 Qxb6+ 25. Qf2 Qxf2+ 26. Rxf2
Rd8 27. Rxd8+ Kxd8 28. Rd2+ Ke7 29. f5 Rd8 30. Rxd8 Nxd8 31. a4 Nb7 32. e5 f6
33. exf6+ Kxf6 34. g4 h5 35. h3 hxg4 36. hxg4 Ke5 37. Kg2 Kf4 38. Kh3 c5 39.
Nd5+ Kg5 40. Ne3 Na5 41. Nd5 c4 42. Nc3 Nb3 43. Nd5 Na5 44. Nc3 Nb3 45. Nd5 Na5
1/2-1/2

[Event "Junior Online 4NCL Division 5"]
[Site "online"]
[Date "2020.06.04"]
[Round "8.191"]
[White "Pearson, Matt D"]
[Black "Baguley, Rory"]
[Result "0-1"]
[WhiteElo "1007"]
[BlackElo "1187"]
[PlyCount "98"]
[EventDate "2020.06.04"]
[WhiteTeam "Manchester Juniors C"]
[BlackTeam "Surbiton Juniors B"]

1. e4 e5 2. Nf3 Nc6 3. Bc4 Nf6 4. d3 Bc5 5. Be3 Bxe3 6. fxe3 d5 7. exd5 Nxd5 8.
h3 Nxe3 9. Qd2 Nxc4 10. dxc4 Qxd2+ 11. Nbxd2 O-O 12. O-O Re8 13. Rfe1 Nb4 14.
Rxe5 Rxe5 15. Nxe5 Nxc2 16. Rd1 f6 17. Nef3 Ne3 18. Re1 Nf5 19. Re8+ Kf7 20.
Rd8 Ke7 21. Rd5 Be6 22. Rd3 g6 23. Ne4 Bxc4 24. Rc3 Bxa2 25. Rxc7+ Ke6 26. Rxb7
Bd5 27. Rb4 a5 28. Rd4 Nxd4 29. Nxd4+ Ke5 30. b4 Kxd4 31. h4 Bxe4 32. bxa5 Rxa5
33. g4 Ke3 34. g5 Kf3 35. gxf6 Kg3 36. Kf1 Ra2 37. f7 Rf2+ 38. Ke1 Rxf7 39. h5
gxh5 40. Ke2 h4 41. Ke3 Bb1 42. Ke2 h3 43. Ke1 h2 44. Kd1 h1=Q+ 45. Kd2 Rd7+
46. Kc3 Qc1+ 47. Kb3 Rb7+ 48. Ka4 Qc6+ 49. Ka3 Qa6# 0-1

[Event "Junior Online 4NCL Division 5"]
[Site "online"]
[Date "2020.06.04"]
[Round "8.192"]
[White "Morrison, Matthew"]
[Black "Morgan, Alice"]
[Result "1-0"]
[WhiteElo "1217"]
[BlackElo "1000"]
[PlyCount "31"]
[EventDate "2020.06.04"]
[WhiteTeam "Surbiton Juniors B"]
[BlackTeam "Manchester Juniors C"]

1. d4 d6 2. Nc3 Be6 3. e4 Nf6 4. Nf3 Bd7 5. Bf4 e5 6. dxe5 dxe5 7. Bxe5 Nc6 8.
Bxf6 gxf6 9. Bc4 Qe7 10. Qd2 O-O-O 11. O-O-O Rg8 12. g3 Na5 13. Bb3 Qxe4 14.
Nxe4 f5 15. Nf6 Bc6 16. Qxd8# 1-0

[Event "Junior Online 4NCL Division 5"]
[Site "online"]
[Date "2020.06.04"]
[Round "8.193"]
[White "Winser, Frederick"]
[Black "Connolly-Eich, Bruno"]
[Result "1-0"]
[WhiteElo "947"]
[BlackElo "1120"]
[PlyCount "65"]
[EventDate "2020.06.04"]
[WhiteTeam "Manchester Juniors C"]
[BlackTeam "Surbiton Juniors B"]

1. e4 e5 2. Nf3 Nc6 3. Nc3 f6 4. d3 Bc5 5. Be3 d6 6. Be2 Bg4 7. Bxc5 dxc5 8.
O-O Bxf3 9. Bxf3 Nd4 10. Qd2 Ne7 11. Bg4 O-O 12. Ne2 a6 13. c3 Nxe2+ 14. Qxe2
b5 15. Rad1 Ng6 16. Qe3 Nf4 17. Qxc5 Nxd3 18. Qe3 Qe7 19. Rxd3 Rad8 20. Rxd8
Rxd8 21. Rd1 Rxd1+ 22. Bxd1 g5 23. Bb3+ Kg7 24. h3 c5 25. a4 c4 26. Bd1 bxa4
27. Bxa4 Qd6 28. Qa7+ Kh6 29. b4 Qd3 30. Qxa6 Qxe4 31. Qxf6+ Kh5 32. Be8+ Kh4
33. Qh6# 1-0

[Event "Junior Online 4NCL Division 5"]
[Site "online"]
[Date "2020.06.04"]
[Round "8.194"]
[White "Thompson, Noah"]
[Black "Saxby, Ben"]
[Result "1-0"]
[WhiteElo "1000"]
[BlackElo "917"]
[PlyCount "87"]
[EventDate "2020.06.04"]
[WhiteTeam "Surbiton Juniors B"]
[BlackTeam "Manchester Juniors C"]

1. e4 e5 2. Nf3 Nf6 3. Nxe5 Nxe4 4. Qe2 d6 5. Qxe4 dxe5 6. Qxe5+ Be6 7. f4 Nc6
8. Bb5 a6 9. Bxc6+ bxc6 10. f5 Bd6 11. Qe4 O-O 12. fxe6 fxe6 13. Qxe6+ Kh8 14.
Nc3 Qe7 15. Qxe7 Bxe7 16. b3 Bd6 17. Bb2 Rae8+ 18. Ne2 Be5 19. Bxe5 Rxe5 20.
Rf1 Rfe8 21. Rf2 c5 22. c3 a5 23. d4 R5e7 24. dxc5 c6 25. b4 a4 26. c4 a3 27.
b5 cxb5 28. cxb5 Re6 29. b6 Rd8 30. b7 Rc6 31. Rb1 Rxc5 32. b8=Q Rcc8 33. Qg3
Rd7 34. Qh3 Rdc7 35. Rf3 Ra8 36. Qg3 Rc2 37. Rf7 Rg8 38. Qxa3 Re8 39. Rf2 h6
40. Qa4 Re7 41. Qxc2 Re8 42. Rf7 h5 43. Rfb7 Rb8 44. Rxb8# 1-0

[Event "Junior Online 4NCL Division 5"]
[Site "online"]
[Date "2020.06.04"]
[Round "8.195"]
[White "Baguley, Rory"]
[Black "Pearson, Matt D"]
[Result "1-0"]
[WhiteElo "1187"]
[BlackElo "1007"]
[PlyCount "69"]
[EventDate "2020.06.04"]
[WhiteTeam "Surbiton Juniors B"]
[BlackTeam "Manchester Juniors C"]

1. e4 e5 2. Nf3 Nc6 3. Bc4 Bc5 4. c3 d6 5. d4 exd4 6. cxd4 Bb4+ 7. Nc3 Qe7 8.
O-O Nf6 9. e5 dxe5 10. dxe5 Nxe5 11. Nxe5 Qxe5 12. Re1 Ne4 13. Rxe4 Qxe4 14.
Nxe4 Bf5 15. Qa4+ c6 16. Qxb4 Rd8 17. Bxf7+ Kd7 18. Qd6+ Kc8 19. Be6+ Bxe6 20.
Qxe6+ Kc7 21. Bf4+ Kb6 22. Qb3+ Ka6 23. Nc5+ Ka5 24. Bc7+ b6 25. Qc3+ Kb5 26.
Nb3 Rd5 27. a4+ Ka6 28. Qxc6 Re5 29. Qc4+ Kb7 30. Bxe5 Rc8 31. Qd5+ Ka6 32.
Qb5+ Kb7 33. Na5+ Ka8 34. Qd5+ Rc6 35. Qxc6# 1-0

[Event "Junior Online 4NCL Division 5"]
[Site "online"]
[Date "2020.06.04"]
[Round "8.196"]
[White "Morgan, Alice"]
[Black "Morrison, Matthew"]
[Result "0-1"]
[WhiteElo "1000"]
[BlackElo "1217"]
[PlyCount "114"]
[EventDate "2020.06.04"]
[WhiteTeam "Manchester Juniors C"]
[BlackTeam "Surbiton Juniors B"]

1. e4 e5 2. Bc4 Nf6 3. Nf3 Nxe4 4. O-O Nf6 5. d3 Nc6 6. Be3 Bb4 7. a3 Ba5 8. b4
Bb6 9. Re1 O-O 10. Nc3 d6 11. Nd5 Nxd5 12. Bxd5 Be6 13. Be4 Nd4 14. Rc1 Nxf3+
15. Qxf3 Bxe3 16. Rxe3 Qg5 17. Rce1 c6 18. Qg3 Qxg3 19. Rxg3 d5 20. Bf3 f6 21.
Bg4 Rae8 22. Ree3 f5 23. Rgf3 fxg4 24. Rxf8+ Rxf8 25. Rxe5 Re8 26. d4 b5 27. c3
Kf7 28. f3 gxf3 29. gxf3 Ra8 30. f4 a5 31. f5 Bd7 32. Re2 a4 33. Re5 Re8 34.
Rxe8 Bxe8 35. h4 Kf6 36. Kg2 Kxf5 37. Kg3 g5 38. Kh3 gxh4 39. Kxh4 h5 40. Kh3
Kg5 41. Kh2 Kg4 42. Kg2 h4 43. Kh2 Bg6 44. Kg2 h3+ 45. Kh2 Be4 46. Kg1 Kg3 47.
c4 bxc4 48. b5 cxb5 49. Kf1 h2 50. Ke2 h1=Q 51. Ke3 Qf3+ 52. Kd2 c3+ 53. Kc1 c2
54. Kd2 Qd3+ 55. Kc1 Qd1+ 56. Kb2 c1=Q+ 57. Ka2 Qdc2# 0-1

[Event "Junior Online 4NCL Division 5"]
[Site "online"]
[Date "2020.06.04"]
[Round "8.197"]
[White "Connolly-Eich, Bruno"]
[Black "Winser, Frederick"]
[Result "0-1"]
[WhiteElo "1120"]
[BlackElo "947"]
[PlyCount "38"]
[EventDate "2020.06.04"]
[WhiteTeam "Surbiton Juniors B"]
[BlackTeam "Manchester Juniors C"]

1. e4 e5 2. Nf3 d6 3. Bc4 h6 4. d3 Nf6 5. b3 Nc6 6. Bb2 d5 7. Bb5 dxe4 8. Bxc6+
bxc6 9. Nxe5 Bb7 10. O-O Bd6 11. Nc4 Bc5 12. Bxf6 Qxf6 13. dxe4 Qxa1 14. c3
Qxa2 15. Ne5 O-O 16. Nd7 Rad8 17. Qd3 Ba6 18. Qh3 Bxf1 19. Kxf1 Qxf2# 0-1

[Event "Junior Online 4NCL Division 5"]
[Site "online"]
[Date "2020.06.04"]
[Round "8.198"]
[White "Saxby, Ben"]
[Black "Thompson, Noah"]
[Result "0-1"]
[WhiteElo "917"]
[BlackElo "1000"]
[PlyCount "52"]
[EventDate "2020.06.04"]
[WhiteTeam "Manchester Juniors C"]
[BlackTeam "Surbiton Juniors B"]

1. d4 d5 2. Nc3 Nc6 3. Nxd5 Qxd5 4. e3 Nf6 5. c4 Qd8 6. d5 Ne5 7. Qd4 Nfd7 8.
e4 c5 9. Qd1 Nb6 10. Bf4 Ng6 11. Bd2 e6 12. Ba5 exd5 13. cxd5 Bd6 14. Rc1 O-O
15. g3 Be5 16. Rxc5 Bxb2 17. Bd3 Qd6 18. Bb4 Na4 19. Nf3 Nxc5 20. Nd2 Nxd3+ 21.
Ke2 Nxb4 22. Nc4 Qa6 23. Qb1 Ba3 24. Rg1 Qxc4+ 25. Qd3 Qxd3+ 26. Ke1 Nc2# 0-1

[Event "Junior Online 4NCL Division 5"]
[Site "online"]
[Date "2020.06.04"]
[Round "8.201"]
[White "Bailey, Matthew"]
[Black "Sinha, Aarav"]
[Result "0-1"]
[WhiteElo "1037"]
[BlackElo "1202"]
[PlyCount "70"]
[EventDate "2020.06.04"]
[WhiteTeam "Surbiton Juniors C"]
[BlackTeam "Leicestershire Juniors 3"]

1. e4 e5 2. Nf3 Nc6 3. Bc4 Nf6 4. Ng5 d5 5. exd5 Na5 6. Bb5+ c6 7. dxc6 bxc6 8.
Bc4 Nxc4 9. b3 Nd6 10. Bb2 e4 11. O-O h6 12. Nh3 Be7 13. Re1 O-O 14. Nc3 Re8
15. f3 exf3 16. Qxf3 Nb5 17. Qxc6 Bd7 18. Qf3 Nd4 19. Qd3 Bc5 20. Rxe8+ Nxe8
21. b4 Nxc2+ 22. bxc5 Nxa1 23. Qb1 Qa5 24. Qxa1 Qxc5+ 25. Kf1 Qf5+ 26. Ke2 Nd6
27. Nf2 Re8+ 28. Kf1 Nc4 29. g4 Nxd2+ 30. Kg2 Qf3+ 31. Kg1 Bxg4 32. Nxg4 Qxg4+
33. Kh1 Re6 34. Nb5 Re2 35. Qg1 Qf3+ 0-1

[Event "Junior Online 4NCL Division 5"]
[Site "online"]
[Date "2020.06.04"]
[Round "8.202"]
[White "Rahimifard, Cyrus"]
[Black "Broux, Tristan"]
[Result "0-1"]
[WhiteElo "1165"]
[BlackElo "955"]
[PlyCount "30"]
[EventDate "2020.06.04"]
[WhiteTeam "Leicestershire Juniors 3"]
[BlackTeam "Surbiton Juniors C"]

1. e4 e5 2. Bc4 Qh4 3. Nf3 Qxe4+ 4. Be2 d5 5. O-O Bg4 6. d3 Qg6 7. h3 Bxf3 8.
Bxf3 e4 9. dxe4 dxe4 10. Be2 Qf5 11. Qd2 Qe5 12. Rd1 Nc6 13. a4 Bd6 14. b3 Qh2+
15. Kf1 Qh1# 0-1

[Event "Junior Online 4NCL Division 5"]
[Site "online"]
[Date "2020.06.04"]
[Round "8.203"]
[White "Rabie, Jamie"]
[Black "Lv, Catherine Jia-Ai"]
[Result "0-1"]
[WhiteElo "1000"]
[BlackElo "1210"]
[PlyCount "22"]
[EventDate "2020.06.04"]
[WhiteTeam "Surbiton Juniors C"]
[BlackTeam "Leicestershire Juniors 3"]

1. e4 e5 2. Ke2 d6 3. Ke3 Nf6 4. Kf3 Bg4+ 5. Kg3 Bxd1 6. Kh4 Nxe4+ 7. Kh3 Be7
8. Be2 Qd7+ 9. g4 Bxe2 10. Nf3 Bxf3 11. d4 Qxg4# 0-1

[Event "Junior Online 4NCL Division 5"]
[Site "online"]
[Date "2020.06.04"]
[Round "8.204"]
[White "Abraham, Leo"]
[Black "Tran, Joseph"]
[Result "0-1"]
[WhiteElo "1022"]
[BlackElo "737"]
[PlyCount "52"]
[EventDate "2020.06.04"]
[WhiteTeam "Leicestershire Juniors 3"]
[BlackTeam "Surbiton Juniors C"]

1. d4 e6 2. e4 Nc6 3. Nf3 Nf6 4. Nc3 d5 5. e5 Ne4 6. Nxe4 dxe4 7. d5 exd5 8.
Nd4 Nxe5 9. f4 Nc6 10. Nxc6 bxc6 11. g3 Bb7 12. Qh5 g6 13. Qe5+ Qe7 14. Qxh8 d4
15. f5 e3 16. fxg6 e2 17. gxf7+ Kd8 18. Bxe2 Ba6 19. c4 Bxc4 20. Bg5 Qxg5 21.
Qxf8+ Kd7 22. Qxa8 Qe3 23. Kf1 Qxe2+ 24. Kg1 Bxf7 25. Qxa7 Bd5 26. Qxd4 Qg2#
0-1

[Event "Junior Online 4NCL Division 5"]
[Site "online"]
[Date "2020.06.04"]
[Round "8.205"]
[White "Sinha, Aarav"]
[Black "Bailey, Matthew"]
[Result "1-0"]
[WhiteElo "1202"]
[BlackElo "1037"]
[PlyCount "36"]
[EventDate "2020.06.04"]
[WhiteTeam "Leicestershire Juniors 3"]
[BlackTeam "Surbiton Juniors C"]

1. e4 c5 2. Bc4 e6 3. Nf3 Nf6 4. e5 Nd5 5. O-O Nb6 6. Bb3 c4 7. Bxc4 Nxc4 8. d3
Nb6 9. Nc3 f6 10. exf6 Qxf6 11. Bg5 Qf7 12. Ne5 Qf5 13. f4 Bc5+ 14. d4 Bd6 15.
Nb5 Bxe5 16. dxe5 Nd5 17. Nd6+ Kf8 18. Nxf5 exf5 1-0

[Event "Junior Online 4NCL Division 5"]
[Site "online"]
[Date "2020.06.04"]
[Round "8.206"]
[White "Broux, Tristan"]
[Black "Rahimifard, Cyrus"]
[Result "1-0"]
[WhiteElo "955"]
[BlackElo "1165"]
[PlyCount "55"]
[EventDate "2020.06.04"]
[WhiteTeam "Surbiton Juniors C"]
[BlackTeam "Leicestershire Juniors 3"]

1. e4 e5 2. Qh5 Nf6 3. Qxe5+ Be7 4. d3 d6 5. Qg5 O-O 6. Qg3 c5 7. Bh6 g6 8. f4
Nh5 9. Qf2 Bh4 10. g3 Re8 11. gxh4 d5 12. Qxc5 dxe4 13. dxe4 Rxe4+ 14. Be2 Nd7
15. Qf2 Ndf6 16. Kf1 Bg4 17. Nf3 Bxf3 18. Bxf3 Rc8 19. Bxe4 Nxe4 20. Qe1 Rxc2
21. Nc3 Nxc3 22. bxc3 Nxf4 23. Rd1 Rf2+ 24. Kxf2 Qxh4+ 25. Kf1 Qxh6 26. Rd8+
Kg7 27. Qe5+ f6 28. Qe7# 1-0